Memoria Dirección del Trabajo 2000

Uloženo v:
Podrobná bibliografie
Korporativní autor: Dirección del Trabajo (Autor)
Médium: Kniha
Jazyk:španělština
Vydáno: Santiago Dirección del Trabajo 2002
Témata:
Tagy: Přidat tag
Žádné tagy, Buďte první, kdo vytvoří štítek k tomuto záznamu!

MARC

LEADER 00000nam a2200000 a 4500
001 UCM7369
003 CL-VaPUC
008 021213e20020000CL |||||||||||||||||spa|d
082 0 4 |a 331  |b DIR  |2 21 
110 2 |a Dirección del Trabajo  |e author  |9 472959 
245 1 0 |a Memoria Dirección del Trabajo 2000 
300 |a 155 p 
942 |c BK 
945 |d 20021213 00:00:00  |a cmena 
260 |a Santiago  |b Dirección del Trabajo  |c 2002 
650 0 |a Trabajo y empleo  |9 315054 
650 7 |a REMUNERACIONES  |2 CL-VaPUC  |9 371777 
650 0 |a Oferta y demanda  |9 255571 
650 0 |a Negociación colectiva  |9 312433 
583 |a last modification  |c 20021213 00:00:00  |k Rodrigo Vera 
999 |c 302209  |d 302207 
952 |0 0  |1 0  |4 0  |6 331_000000000000000_DIR_2002  |7 0  |8 A  |9 362320  |a BIBGIM  |b BIBGIM  |d 2019-11-21  |i 383011K  |o 331 DIR 2002  |p 383011K  |r 2025-01-15  |w 2019-11-21  |y BK  |k GIM